[Event "RUS-ch Students"]
[Site "Belgorod"]
[Date "2009.10.06"]
[Round "2"]
[White "Krutko, Anatoly"]
[Black "Dimukhametov, Artur"]
[Result "1/2-1/2"]
[WhiteElo "2440"]
[BlackElo "2285"]
[PlyCount "121"]
[EventDate "2009.10.05"]
[EventType "swiss"]
[EventRounds "9"]
[EventCountry "RUS"]
[SourceTitle "EXT 2010"]
[Source "ChessBase"]
[SourceDate "2010.11.25"]
[SourceVersion "1"]
[SourceVersionDate "2010.11.25"]
[SourceQuality "1"]

1. e4 e6 2. d3 c5 3. f4 b6 4. Nf3 Bb7 5. c4 d5 6. Nc3 dxe4 7. dxe4 Qxd1+ 8. Kxd1 Nf6 9. Bd3 Na6 10. a3 0-0-0 11. Ke2 g6 12. Ne5 Rg8 13. Nxf7 Rd7 14. Ne5 Rd8 15. Be3 Nb8 16. Nf7 Rd7 17. Ng5 Bh6 18. b4 e5 19. Nd5 Nxd5 20. cxd5 exf4 21. Bxf4 Bxd5 22. exd5 Re8+ 23. Ne4 Bxf4 24. bxc5 bxc5 25. Rad1 Rxd5 26. Kf3 Red8 27. Kxf4 Rxd3 28. Rxd3 Rxd3 29. Nf6 Rd2 30. g4 Rf2+ 31. Kg5 Nd7 32. Nxh7 c4 33. Rc1 Ne5 34. h4 Kd7 35. h5 gxh5 36. gxh5 Ke6 37. Kh6 Nf7+ 38. Kg7 Rg2+ 39. Kf8 Ne5 40. Re1 c3 41. Ke8 c2 42. h6 Kf5 43. Nf8 Nd3 44. Rf1+ Ke4 45. h7 Rh2 46. Kf7 c1Q 47. Rxc1 Nxc1 48. Kg7 Nb3 49. h8Q Rxh8 50. Kxh8 Nc5 51. Kg7 Kd4 52. Kf6 a5 53. Ng6 a4 54. Nf4 Ke4 55. Ne2 Kd3 56. Nf4+ Kc4 57. Ke5 Nd3+ 58. Nxd3 Kxd3 59. Kd5 Kc3 60. Kc5 Kb3 61. Kd4 1/2-1/2

[Event "Tatarstan-ch op"]
[Site "Kazan"]
[Date "2009.08.26"]
[Round "7"]
[White "Dimukhametov, Artur"]
[Black "Vafin, Ayrat"]
[Result "1/2-1/2"]
[WhiteElo "2260"]
[BlackElo "2089"]
[PlyCount "65"]
[EventDate "2009.08.20"]
[EventType "swiss"]
[EventRounds "9"]
[EventCountry "RUS"]
[SourceTitle "EXT 2010"]
[Source "ChessBase"]
[SourceDate "2010.11.25"]
[SourceVersion "1"]
[SourceVersionDate "2010.11.25"]
[SourceQuality "1"]

1. d4 e6 2. c4 f5 3. Nc3 d5 4. Nh3 Nf6 5. g3 c6 6. Bg2 Be7 7. 0-0 0-0 8. Qb3 Kh8 9. Bf4 Na6 10. Rac1 Ne4 11. Rfd1 Bf6 12. f3 Nxc3 13. Rxc3 c5 14. e3 dxc4 15. Rxc4 cxd4 16. exd4 b6 17. Rc6 Bd7 18. Rc3 Qe7 19. Qa3 Nb4 20. Be5 a5 21. f4 Rac8 22. Bb7 Rxc3 23. bxc3 Nc2 24. Qb3 Ne3 25. Re1 a4 26. Qxb6 Nc4 27. Qc7 Bb5 28. Rb1 Qxc7 29. Bxc7 Na3 30. Rb2 Rf7 31. Bd6 Nc4 32. Rxb5 Nxd6 33. Ra5 1/2-1/2